| 000 | 00469nam a2200181Ia 4500 | ||
|---|---|---|---|
| 005 | 20250923144416.0 | ||
| 008 | 008 250917s9999 xx 000 0 eng d | ||
| 037 | _aTextual | ||
| 040 |
_aDSWL _beng _cDSWL |
||
| 041 |
_aeng _2eng |
||
| 084 | _qDSWL | ||
| 100 |
_aHoney-Kyrle, R.E _9824598 |
||
| 245 | 0 |
_aPschoanalysis and politics _cby R.E Honey-Kyrle |
|
| 260 |
_aLondon _c1951 |
||
| 300 | _a183 p. | ||
| 942 | _cTEXL | ||
| 999 |
_c1438485 _d1438485 |
||